8 mots dans mots : sac (mort subite) - Statistiques

Statistiques générales
  • Ce quiz a été pris 55 fois
  • Le résultat moyen est 6 sur 8
Answers on the Grid
Answers color-coded by a green-red scale on the quiz's grid according to % correct below.
Dé---raliser
R---sseuse-presse
Mono---charide
Psychodr---tique
Mas---rer
Dé---climater
Déd---tiser
Mét---thématique
Tran---tionnelle
Pa---gnétisme
Dé---coutumer
Sténo---tylographie
Saint - ---rement
Reporter-camer---n
R---sse-miettes
Peseuse-en---heuse
 
Statistiques - réponses
Réponse % Correct
Dé---raliser
91%
Tran---tionnelle
83%
Saint - ---rement
78%
Mas---rer
74%
Dé---coutumer
70%
Mono---charide
61%
Dé---climater
59%
Peseuse-en---heuse
59%
Aucun quiz correspondant
Distribution des résultats
% des personnes avec chaque résultat
Percentile par nombre de réponses
Votre historique - résultats
Vous n’avez pas pris ce quiz